| 000 | 01234nam a22003137a 4500 | ||
|---|---|---|---|
| 005 | 20090922095130.0 | ||
| 008 | 090506t xxu||||| |||| 00| 0 eng d | ||
| 010 | _aENG-89197 B-358639 | ||
| 020 | _c395.00 | ||
| 035 | _aEN-72730 | ||
| 035 | _aB-358639 | ||
| 037 | _bDBAD / PUB | ||
| 037 | _bUBH | ||
| 040 |
_adpl _bEnglish |
||
| 082 | _a005.2762 | ||
| 100 | _aWilson, Ed. | ||
| 245 |
_aMicrosoft VBScript step by step / _cby Ed Wilson |
||
| 246 | _aVBScript. | ||
| 260 |
_aNew Delhi _bPrentice- Hall of India _c2008 |
||
| 270 |
_aM-97 Connaught Circus _bNew Delhi _e110001 |
||
| 300 |
_axxvi, 478p. _c24 cm.(pbk) _eCD-ROM |
||
| 500 | _aIncludes index. | ||
| 650 | _aOperating systems (Computers) | ||
| 650 | _aVBScript (Computer program language) | ||
| 710 | _aSafari Tech Books Online. | ||
| 942 |
_adpl _cEN _k005.446 / WIL _2ddc _h005.446 _mWIL |
||
| 999 |
_c30521 _d30521 |
||